| 000 | 00552nam a2200193Ia 4500 | ||
|---|---|---|---|
| 003 | LDD | ||
| 008 | 181029s9999 xx 000 0 und d | ||
| 020 |
_a9788175331907 _c695.00 |
||
| 040 | _cLDD | ||
| 100 | _aShukla, Archana | ||
| 245 | 0 |
_aExploring life sciences _cArchana Shukla |
|
| 260 |
_aNew Delhi _bMD Publications _c2009 |
||
| 300 | _avii, 267p. | ||
| 365 | _b695.00 | ||
| 901 |
_a6325 _b05-10-2010 |
||
| 902 |
_aSBS/D/169/2010 _b27-10-2010 _cF _dSBS _eFTF |
||
| 903 |
_aDiscount-15 _bReqst by : Amrita Nigam |
||
| 942 |
_2ddc _cBK |
||
| 999 |
_c91719 _d91719 |
||